Statistiken für Spieler mit mindestens 30 Toren in einer La Liga Saison

Klicken Sie hier um das Quiz zu spielen!

Allgemein

  • Dieses Quiz wurde 314 mal gespielt
  • Das Durchschnittsergebnis liegt bei 19 aus 30

Antwortstatistiken

SaisonVereinToreSpieler% Korrekt
2020/2021FC Barcelona30Lionel Messi
100%
2009/2010FC Barcelona34Lionel Messi
100%
2018/2019FC Barcelona36Lionel Messi
100%
2017/2018FC Barcelona34Lionel Messi
100%
2016/2017FC Barcelona37Lionel Messi
100%
2014/2015FC Barcelona43Lionel Messi
100%
2012/2013FC Barcelona46Lionel Messi
100%
2011/2012FC Barcelona50Lionel Messi
100%
2010/2011FC Barcelona31Lionel Messi
100%
2015/2016Real Madrid35Cristiano Ronaldo
99%
2014/2015Real Madrid48Cristiano Ronaldo
99%
2013/2014Real Madrid31Cristiano Ronaldo
99%
2012/2013Real Madrid34Cristiano Ronaldo
99%
2011/2012Real Madrid46Cristiano Ronaldo
99%
2010/2011Real Madrid40Cristiano Ronaldo
99%
1996/1997FC Barcelona34Ronaldo
99%
2015/2016FC Barcelona40Luis Suárez
92%
2008/2009FC Barcelona30Samuel Eto’o
55%
2008/2009Atlético Madrid32Diego Forlán
40%
1956/1957Real Madrid31Alfredo Di Stéfano
38%
1993/1994FC Barcelona30Romário
13%
1989/1990Real Madrid38Hugo Sánchez
10%
1986/1987Real Madrid34Hugo Sánchez
10%
1989/1990FC Sevilla33Toni Polster
2%
1950/1951Atlético Bilbao38Zarra
2%
1946/1947Atlético Bilbao34Zarra
2%
1995/1996CD Teneriffa31Juan Antonio Pizzi
1%
1942/1943FC Barcelona32Mariano Martín
1%
1940/1941Atlético Aviación30Pruden
1%
1988/1989Atlético Madrid35Baltazar
0%

Verteilung der Resultate

Perzentil nach korrekt beantworteten Fragen

Anzahl Personen mit jedem Resultat

Ihre Resultats-Entwicklung

Sie haben dieses Quiz noch nicht gespielt